Score 0/20 Timer 06:00
1 Play Today
% Correct
Coca-Cola
93.9%
Levi's
93.7%
Harley Davidson
90.4%
Michelin
90.2%
McDonalds
87.8%
M&M's
84.8%
LEGO
84.5%
Pillsbury
84.2%
John Deere
83.4%
Crayola
81.3%
% Correct
PEZ
77%
Macy's
75.2%
Hershey's
68.8%
UPS
67.9%
Travelocity
47.9%
Chanel
46.4%
Louis Vuitton
39.4%
Spam
33.6%
Guinness
28.9%
Bloomingdale's
14.8%
Remove Ads.
Support Sporcle.
Get the best of Sporcle when you Go Orange. This ad-free experience offers more features, more stats, and more fun while also helping to support Sporcle. Thank you for becoming a member.

You're not logged in!

Compare scores with friends on all Sporcle quizzes.
OR
Log In

Show Comments

Extras

Top Quizzes Today


Score Distribution

Your Account Isn't Verified!

In order to create a playlist on Sporcle, you need to verify the email address you used during registration. Go to your Sporcle Settings to finish the process.

Report this User

Report this user for behavior that violates our Community Guidelines.

Details: